Natural hazards and environmental change / (Record no. 7442)

MARC details
000 -LEADER
fixed length control field 01379cam a22003494a 4500
001 - CONTROL NUMBER
control field 12774265
003 - CONTROL NUMBER IDENTIFIER
control field OSt
005 - DATE AND TIME OF LATEST TRANSACTION
control field 20211111103643.0
008 - FIXED-LENGTH DATA ELEMENTS--GENERAL INFORMATION
fixed length control field 020514s2002 enka b 001 0 eng
010 ## - LIBRARY OF CONGRESS CONTROL NUMBER
LC control number 2002282234
020 ## - INTERNATIONAL STANDARD BOOK NUMBER
International Standard Book Number 0340742194 (hb)
020 ## - INTERNATIONAL STANDARD BOOK NUMBER
International Standard Book Number 0340742208 (pb)
040 ## - CATALOGING SOURCE
Original cataloging agency DLC
Transcribing agency MUST
Modifying agency DLC
042 ## - AUTHENTICATION CODE
Authentication code pcc
050 00 - LIBRARY OF CONGRESS CALL NUMBER
Classification number GB5014
Item number .M3964 2002
082 00 - DEWEY DECIMAL CLASSIFICATION NUMBER
Classification number 577.2McG 2002
Edition number 21
100 1# - MAIN ENTRY--PERSONAL NAME
Personal name McGuire, Bill,
Dates associated with a name 1954-
9 (RLIN) 15254
245 10 - TITLE STATEMENT
Title Natural hazards and environmental change /
Statement of responsibility, etc. Bill McGuire, Ian Mason, Christopher Kilburn.
260 ## - PUBLICATION, DISTRIBUTION, ETC. (IMPRINT)
Place of publication, distribution, etc. London :
Name of publisher, distributor, etc. Arnold ;
Place of publication, distribution, etc. New York :
Name of publisher, distributor, etc. Oxford University Press,
Date of publication, distribution, etc. 2002.
300 ## - PHYSICAL DESCRIPTION
Extent xii, 187 p. :
Other physical details ill. ;
Dimensions 26 cm.
440 #0 - SERIES STATEMENT/ADDED ENTRY--TITLE
Title Key issues in environmental change
9 (RLIN) 1896
504 ## - BIBLIOGRAPHY, ETC. NOTE
Bibliography, etc Includes bibliographical references (p. [165]-180).
650 #0 - SUBJECT ADDED ENTRY--TOPICAL TERM
Topical term or geographic name as entry element Natural disasters
General subdivision Environmental aspects.
9 (RLIN) 15255
650 #0 - SUBJECT ADDED ENTRY--TOPICAL TERM
Topical term or geographic name as entry element Ecological disturbances.
9 (RLIN) 15256
700 1# - ADDED ENTRY--PERSONAL NAME
Personal name Mason, Ian
Fuller form of name (Ian M.)
9 (RLIN) 15257
700 1# - ADDED ENTRY--PERSONAL NAME
Personal name Kilburn, Christopher R. J.
9 (RLIN) 15258
856 42 - ELECTRONIC LOCATION AND ACCESS
Materials specified Publisher description
Uniform Resource Identifier http://www.loc.gov/catdir/enhancements/fy0614/2002282234-d.html
856 41 - ELECTRONIC LOCATION AND ACCESS
Materials specified Table of contents only
Uniform Resource Identifier http://www.loc.gov/catdir/enhancements/fy0614/2002282234-t.html
906 ## - LOCAL DATA ELEMENT F, LDF (RLIN)
a 7
b cbc
c orignew
d 2
e ncip
f 20
g y-gencatlg
942 ## - ADDED ENTRY ELEMENTS (KOHA)
Source of classification or shelving scheme Library of Congress Classification
Koha item type Open Shelf
Holdings
Withdrawn status Lost status Source of classification or shelving scheme Damaged status Not for loan Home library Current library Date acquired Source of acquisition Inventory number Total Checkouts Full call number Barcode Date last seen Price effective from Koha item type
    Library of Congress Classification     MUST Main Library MUST Main Library 11/11/2021 Donation 06/26466   577.2McG 2002 2021-1649 11/11/2021 11/11/2021 Open Shelf